Proyectos de responsabilidad social 2010

Gespeichert in:
Bibliographische Detailangaben
Körperschaft: Cámara Chilena de la Construcción (VerfasserIn)
Format: Buch
Sprache:Spanisch
Veröffentlicht: Santiago Cámara Chilena de la Construcción 2010
Schlagworte:
Tags: Tag hinzufügen
Keine Tags, Fügen Sie den ersten Tag hinzu!

MARC

LEADER 00000nam a2200000 a 4500
001 UCG2285
003 CL-VaPUC
008 100701e20100000CL |||||||||||||||||spa|d
082 0 4 |a 658.408  |b CAM  |2 21 
110 2 |a Cámara Chilena de la Construcción  |e author  |9 550721 
245 1 0 |a Proyectos de responsabilidad social 2010 
300 |a 75 p 
942 |c BK 
945 |d 20100701 00:00:00  |a dcastane 
260 |a Santiago  |b Cámara Chilena de la Construcción  |c 2010 
650 0 |a Responsabilidad social empresarial  |9 525230 
651 7 |a CHILE  |2 CL-VaPUC  |9 550722 
583 |a last modification  |c 20100701 00:00:00  |k Rodrigo Vera 
999 |c 341506  |d 341504 
952 |0 0  |1 0  |4 0  |6 658_408000000000000_CAM_2010  |7 0  |8 A  |9 437074  |a BIBGIM  |b BIBGIM  |d 2019-11-22  |i 4693051  |o 658.408 CAM 2010  |p 4693051  |r 2025-01-15  |w 2019-11-22  |y BK  |k SSL